Touhou Windows Era Characters - Statistics

General Stats
  • This quiz has been taken 139 times
  • The average score is 37 of 121
Answer Stats
Answers % Correct
Cirno
94%
Reimu Hakurei
92%
Flandre Scarlet
90%
Sakuya Izayoi
90%
Hong Meiling
88%
Marisa Kirisame
88%
Remilia Scarlet
88%
Rumia
88%
Youmu Konpaku
86%
Chen
84%
Patchouli Knowledge
84%
Yukari Yakumo
82%
Ran Yakumo
80%
Alice Margatroid
78%
Daiyousei
76%
Koakuma
73%
Letty Whiterock
71%
Lyrica Prismriver
71%
Merlin Prismriver
69%
Wriggle Nightbug
69%
Yuyuko Saigyouji
67%
Lunasa Prismriver
65%
Reisen Udongein Inaba
65%
Tewi Inaba
63%
Lily White
61%
Mystia Lorelei
61%
Suika Ibuki
61%
Fujiwara no Mokou
57%
Eirin Yagokoro
55%
Kaguya Houraisan
55%
Aya Shameimaru
49%
Sanae Kochiya
49%
Koishi Komeiji
43%
Satori Komeiji
43%
Suwako Moriya
43%
Keine Kamishirasawa
41%
Iku Nagae
37%
Eiki Shiki, Yamaxanadu
35%
Komachi Onozuka
35%
Nazrin
35%
Medicine Melancholy
33%
Minoriko Aki
33%
Shizuha Aki
33%
Tenshi Hinanawi
33%
Yuuka Kazami
33%
Kanako Yasaka
31%
Nitori Kawashiro
31%
Hina Kagiyama
29%
Kogasa Tatara
29%
Utsuho Reiuji
29%
Byakuren Hijiri
27%
Momiji Inubashiri
27%
Parsee Mizuhashi
27%
Rin Kaenbyou
27%
Sekibanki
27%
Junko
24%
Kisume
24%
Clownpiece
22%
Shou Toramaru
22%
Hecatia Lapislazuli
20%
Kagerou Imaizumi
20%
Kasen Ibaraki
20%
Yuugi Hoshiguma
20%
Nue Houjuu
18%
Seiga Kaku
18%
Wakasagihime
18%
Doremy Sweet
16%
Hata no Kokoro
16%
Ichirin Kumoi
16%
Minamitsu Murasa
16%
Seija Kijin
16%
Sunny Milk
16%
Yamame Kurodani
16%
Luna Child
14%
Ringo
14%
Seiran
14%
Shion Yorigami
14%
Unzan
14%
Joon Yorigami
12%
Sagume Kishin
12%
Star Sapphire
12%
Sumireko Usami
12%
Benben Tsukumo
10%
Mamizou Futatsuiwa
10%
Mononobe no Futo
10%
Okina Matara
10%
Raiko Horikawa
10%
Shinmyoumaru Sukuna
10%
Son Biten
10%
Yatsuhashi Tsukumo
10%
Yoshika Miyako
10%
Hatate Himekaidou
8%
Toyosatomimi no Miko
8%
Aunn Komano
6%
Eternity Larva
6%
Kyouko Kasodani
6%
Soga no Tojiko
6%
Narumi Yatadera
4%
Nemuno Sakata
4%
Tsukasa Kudamaki
4%
Yuuma Toutetsu
4%
Chimata Tenkyuu
2%
Eika Ebisu
2%
Mei Teireida
2%
Satono Nishida
2%
Chiyari Tenkajin
0%
Enoko Mitsugashira
0%
Hisami Yomotsu
0%
Keiki Hinayasushin
0%
Kutaka Niwatari
0%
Mayumi Joutouguu
0%
Mike Goutokuji
0%
Misumaru Tamatsukuri
0%
Momoyo Himemushi
0%
Mugumu Lizunamaru
0%
Saki Kurokuma
0%
Sannyo Komakusa
0%
Takane Yamashiro
0%
Urumi Ushizaki
0%
Yachie Kicchou
0%
Zanmu Nippaku
0%
No matching quizzes found
Score Distribution
Percent of People with Each Score
Percentile by Number Answered
Your Score History
You have not taken this quiz